Esto es marketing (Registro nro. 13168)
[ vista simple ]
| 000 -Cabecera | |
|---|---|
| Campo de control de longitud fija | 00749nam a22003017a 4500 |
| 005 - Fecha y hora de la última transacción | |
| Campo de control | 20260224113720.0 |
| 008 - Elementos de longitud fija--Información general | |
| Campo de control de longitud fija | 210826b2020 xxu||||| |||| 00| 0 spa d |
| 020 ## - International Standard Book Number | |
| Número Internacional Estándar del Libro (ISBN) | 9788417568269 |
| 041 ## - Idioma | |
| Código de idioma | Español |
| 082 ## - Clasificación Decimal Dewey | |
| Número de clasificación | 658.8 G585e4 |
| 100 ## - Entrada principal--Autor personal | |
| Nombre personal | Godin, Seth |
| 9 (RLIN) | 9335 |
| 245 ## - Título propiamente dicho | |
| Título | Esto es marketing |
| 260 ## - Pie de imprenta | |
| Lugar de publicación, distribución, etc. | España |
| 260 ## - Pie de imprenta | |
| Nombre del editor, distribuidor, etc. | Alienta editorial |
| 260 ## - Pie de imprenta | |
| Fecha de publicación, distribución, etc. | 2020 |
| 300 ## - Descripción física | |
| Extensión | 314 páginas |
| 490 ## - Serie | |
| Título de la Serie | Dirección y Administración de Empresas |
| 650 ## - Materia general | |
| Temática (materia general) | GERENCIA DEL MARKETING |
| 650 ## - Materia general | |
| Temática (materia general) | MERCADO MÍNIMO VIABLE |
| 650 ## - Materia general | |
| Temática (materia general) | PUBLICIDAD |
| 650 ## - Materia general | |
| Temática (materia general) | LIDERAZGO |
| 650 ## - Materia general | |
| Temática (materia general) | PLAN DE NEGOCIOS |
| 650 ## - Materia general | |
| Temática (materia general) | LOGO |
| 650 ## - Materia general | |
| Temática (materia general) | MARKETING DE MARCA |
| 650 ## - Materia general | |
| Temática (materia general) | PRECIO |
| 650 ## - Materia general | |
| Temática (materia general) | CASOS DE ESTUDIO |
| 942 ## - Punto de acceso adicional KOHA | |
| Tipo de ítem KOHA | Libro |
| Fuente del sistema de clasificación o colocación | Dewey Decimal Classification |
| Signatura completa | Código de barras | Programa Académico | Tipo de ítem |
|---|---|---|---|
| 658.8 G585e4 | 25339 | Dirección y Administración de Empresas | Libro |